| 000 | 004390000a22001690004500 | ||
|---|---|---|---|
| 003 | LK-CoMWRAF | ||
| 008 | 230817t ||||| |||| 00| 0 eng d | ||
| 040 |
_aLK-CoMWRAF _dLK-CoMWRAF _eLK-CoMWRAF |
||
| 041 | _aeng | ||
| 082 |
_a153 _bGHA |
||
| 100 | _aGhani, R.P.M. | ||
| 245 |
_aAngeekarikkappatta Olaraduth Thogappu _b |
||
| 260 |
_bBasharath Publishers _aIndia (Chennai) _c1956 |
||
| 300 | _ap.224 | ||
| 650 | _aTamil Text | ||
| 942 | _cBK | ||
| 999 |
_c2088 _d2088 |
||